00401 2200157 4500001002100000005001500021035002000036245005700056100002000113300002600133260002800159082000800187084001400195020002200209990001200231INLIS00000000000312920251022014947 a0010-10250000331 aDua Hati Menyatu Dalam Satu Cinta /cNuniek Kharisma0 aNuniek Kharisma a250 hlm ;c13 x 19 cm aJakarta :bZettu,c2013 a813 a813 NUN d a978-602-7735-62-0 a0755916